000 01256nac a22003737a 4500
001 BR8708232
003 BR-BrBNA
005 20240105120646.0
008 230509b bl.|||m| |||| 00| 0 por d
040 _aBR-BrBNA
_bpor
_cBiblioteca Nacional de Agricultura
072 _aF30
090 _a0336 BR8708232
100 1 _aNogueira, O.L.
100 1 _aFigueiredo, F.J.C.
100 1 _aPereira, L.A.F.
100 1 _aCavalcante, E. da S.
100 1 _aAlves, R.N.B.
100 1 _aFarias Neto, J.T. de
100 1 _aMonteiro Filho, E. dos S.
110 1 _aUnidade de Execucao de Pesquisa de Ambito Territorial de Macapa, AP (Brasil)
_910392
245 1 _aDesempenho de cultivares de soja no Amapa
246 1 _a[Performance of soybeans' cultivars at the Amapa]
260 3 _aMacapa, AP (Brasil):
_c1986.
300 _a21 p.
490 _aBoletim de Pesquisa - Unidade de Execucao de Pesquisa de Ambito Territorial de Macapa (Brazil)
_vno. 3
_xISSN 0102-0870
500 _a8 tables; 6 ref.; Summaries (En, Pt)
650 _aSOJA
650 _aCOMPORTAMENTO DE VARIEDADE
650 _aCONDICAO AMBIENTAL
650 _aLATOSSOLO AMARELO
650 _aAMAPA
909 _a202312
_bLúcia Elande
_c55
_dLúcia Elande
942 _2AGRIS
_n0
_cMS
999 _c280731
_d280731